000 01145nam a22003857a 4500
001 BR8403442
003 BR-BrBNA
005 20230928091945.0
007 ta
008 230509b bl.||||| |||| 00| 0 por d
040 _aBR-BrBNA
_bpor
_cBiblioteca Nacional de Agricultura
041 _a(Por)
072 _aE10
_b/G514
090 _ E10 BR8403442
100 1 _aMoreira Filho, J.C.
100 1 _aCoelho, J.
100 1 _aRocha, A.B. da
100 1 _aAguiar, G.
110 1 _aSuperintendencia do Desenvolvimento do Nordeste, Recife, PE (Brasil). Coordenacao de Planejamento Regional
_910151
245 1 _aAspectos gerais da agropecuaria do nordeste [Brasil]
_bSerie Projeto Nordeste, v. 3
260 3 _aRecife, PE (Brasil):
_c1984.
300 _a408 p.
500 _a116 tables; 10 graphs
650 _aECONOMIA AGRICOLA
650 _aUSO DA TERRA
650 _aLAVOURA
650 _aPECUARIA
650 _aESTRUTURA AGRARIA
650 _aCOMERCIALIZACAO
650 _aPOLITICA AGRICOLA
650 _aPOLITICA DE DESENVOLVIMENTO
650 _aREGIAO NORDESTE
909 _a202309
_bLucia
_c55
_dLucia Elande
942 _cBK
999 _c36405
_d36405